000 00387pab a2200157 454500
008 180718b2012 xxu||||| |||| 00| 0 eng d
100 _aGautam, Richa
245 _aGlobalization and governance: Changing nature of the state
260 _c2012
300 _ap.74-82.
362 _aJul-Dec
650 _aGlobalization
773 _aReview of Politics
908 _aN
909 _a99023
999 _c99022
_d99022